| 000 | 00000nam 2200000zi 4500 |
| 001 | 9.945550 |
| 003 | CaOODSP |
| 005 | 20250721151346 |
| 006 | m o d f |
| 007 | cr |n||||||||| |
| 008 | 241125t19851985oncab ob f000 0 eng d |
| 020 | |z0662539389 |
| 040 | |aCaOODSP|beng|erda|cCaOODSP |
| 043 | |an-cn---|an-cn-qu |
| 086 | 1 |aEn21-53/1985E-PDF|zEn21-53/1985 |
| 245 | 04|aThe Northern Quebec agreements : |bGovernment of Canada involvement. |
| 264 | 1|a[Ottawa] : |bGovernment of Canada = Gouvernement du Canada, |c[1985] |
| 264 | 4|c©1985 |
| 300 | |a1 online resource (16 pages) : |bmaps, illustrations |
| 336 | |atext|btxt|2rdacontent |
| 337 | |acomputer|bc|2rdamedia |
| 338 | |aonline resource|bcr|2rdacarrier |
| 500 | |aDigitized edition from print [produced by Government of Canada Publications Directorate]. |
| 500 | |aIssued also in French under title: Les conventions du Québec nordique : rôle du gouvernement du Canada. |
| 500 | |a"Published jointly by: Department of Fisheries and Oceans of Canada, Indian and Northern Affairs Canada and Environment Canada." |
| 504 | |aIncludes bibliographical references. |
| 650 | 0|aIndigenous peoples|zCanada|xGovernment relations. |
| 650 | 0|aIndigenous peoples|zQuébec (Province) |
| 650 | 0|aIndigenous peoples|zQuébec (Province)|xGovernment relations. |
| 650 | 0|aIndigenous peoples|zQuébec (Province)|vTreaties. |
| 710 | 1 |aCanada. |bEnvironment Canada, |eissuing body. |
| 710 | 1 |aCanada.|bIndian and Northern Affairs, |eissuing body. |
| 710 | 1 |aCanada. |bDepartment of Fisheries and Oceans, |eissuing body. |
| 775 | 08|tLes conventions du Québec nordique : |w(CaOODSP)9.945554 |
| 856 | 40|qPDF|s16.0 MB|uhttps://publications.gc.ca/collections/collection_2024/eccc/En21-53-1985-eng.pdf |